[Event "High League 2022 women"]
[Site "Obninsk"]
[Date "2022.06.27"]
[Round "2.10"]
[White "Shvedova, Alexandra"]
[Black "Charochkina, Daria"]
[Result "0-1"]
[LiveChessVersion "1.4.7"]
[BlackElo "2335"]
[WhiteElo "2106"]

1. e4 {[%clk 1:30:57]} d6 {[%clk 1:30:49]} 2. d4 {[%clk 1:31:14]} Nf6
{[%clk 1:31:14]} 3. Nc3 {[%clk 1:31:38]} g6 {[%clk 1:31:35]} 4. f4
{[%clk 1:31:41]} Bg7 {[%clk 1:31:57]} 5. Bd3 {[%clk 1:31:28]} O-O
{[%clk 1:31:59]} 6. Nf3 {[%clk 1:31:25]} Na6 {[%clk 1:32:14]} 7. e5
{[%clk 1:20:39]} Nd7 {[%clk 1:32:14]} 8. Ne4 {[%clk 1:11:03]} c5 {[%clk 1:32:12]}
9. c3 {[%clk 1:10:09]} cxd4 {[%clk 1:32:30]} 10. cxd4 {[%clk 1:10:29]} Nb4
{[%clk 1:32:47]} 11. Be2 {[%clk 1:07:46]} dxe5 {[%clk 1:26:35]} 12. fxe5
{[%clk 1:03:25]} Nb6 {[%clk 1:26:34]} 13. O-O {[%clk 1:00:59]} Bf5
{[%clk 1:23:56]} 14. Ng3 {[%clk 0:59:38]} Be6 {[%clk 1:23:37]} 15. a3
{[%clk 0:51:31]} Nc6 {[%clk 1:23:57]} 16. Ne4 {[%clk 0:51:23]} Rc8
{[%clk 1:10:12]} 17. b4 {[%clk 0:44:34]} Bd5 {[%clk 1:00:09]} 18. Bd3
{[%clk 0:38:55]} f6 {[%clk 0:59:38]} 19. Bb2 {[%clk 0:35:16]} Nc4
{[%clk 0:57:33]} 20. Bxc4 {[%clk 0:31:56]} Bxc4 {[%clk 0:58:00]} 21. Re1
{[%clk 0:32:07]} b6 {[%clk 0:53:11]} 22. Qc1 {[%clk 0:30:09]} Bd5
{[%clk 0:47:08]} 23. Qe3 {[%clk 0:30:15]} Qd7 {[%clk 0:42:38]} 24. Rad1
{[%clk 0:29:04]} Qg4 {[%clk 0:38:29]} 25. h3 {[%clk 0:22:45]} Qh5
{[%clk 0:35:41]} 26. exf6 {[%clk 0:14:18]} exf6 {[%clk 0:34:54]} 27. Qf4
{[%clk 0:14:20]} f5 {[%clk 0:17:54]} 28. Ng3 {[%clk 0:07:42]} Qh6
{[%clk 0:18:19]} 29. Ng5 {[%clk 0:06:55]} Bf6 {[%clk 0:18:25]} 30. h4
{[%clk 0:07:09]} Rcd8 {[%clk 0:18:06]} 31. b5 {[%clk 0:04:08]} Na5
{[%clk 0:18:15]} 32. Bc3 {[%clk 0:03:18]} Nc4 {[%clk 0:15:54]} 33. a4
{[%clk 0:03:06]} Rfe8 {[%clk 0:14:38]} 34. Nf1 {[%clk 0:01:52]} Qf8
{[%clk 0:12:36]} 35. Ne3 {[%clk 0:01:38]} Nxe3 {[%clk 0:08:18]} 36. Rxe3
{[%clk 0:02:04]} Rxe3 {[%clk 0:08:40]} 37. Qxe3 {[%clk 0:02:31]} Re8
{[%clk 0:09:04]} 38. Qg3 {[%clk 0:01:04]} Re2 {[%clk 0:07:06]} 39. Nf3
{[%clk 0:00:55]} Qe7 {[%clk 0:05:04]} 40. Re1 {[%clk 0:30:44]} Bxf3
{[%clk 0:30:35]} 41. gxf3 {[%clk 0:30:21]} Qe3+ {[%clk 0:26:42]} 42. Kf1
{[%clk 0:20:03]} Rxe1+ {[%clk 0:27:02]} 43. Bxe1 {[%clk 0:20:11]} Bxd4
{[%clk 0:27:04]} 44. h5 {[%clk 0:05:21]} Qd3+ {[%clk 0:26:13]} 45. Kg2
{[%clk 0:05:45]} Qe2+ {[%clk 0:26:40]} 46. Kh3 {[%clk 0:05:21]} f4
{[%clk 0:05:03]} 47. Qg4 {[%clk 0:02:07]} Qxe1 {[%clk 0:05:01]} 48. Qc8+
{[%clk 0:02:32]} Kf7 {[%clk 0:05:28]} 49. Qd7+ {[%clk 0:02:37]} Qe7
{[%clk 0:05:54]} 50. Qxd4 {[%clk 0:02:47]} Qe6+ {[%clk 0:06:19]} 51. Kg2
{[%clk 0:01:24]} Qe2+ {[%clk 0:06:41]} 52. Kh1 {[%clk 0:01:31]} Qxf3+
{[%clk 0:07:03]} 53. Kh2 {[%clk 0:01:57]} Qg3+ {[%clk 0:07:29]} 54. Kh1
{[%clk 0:02:24]} Qh3+ {[%clk 0:07:55]} 0-1

[Event "High League 2022 women"]
[Site "Obninsk"]
[Date "2022.06.27"]
[Round "2.11"]
[White "Kuznetsova, Marina"]
[Black "Voit, Daria"]
[Result "0-1"]
[LiveChessVersion "1.4.7"]
[BlackElo "2317"]
[WhiteElo "2043"]

1. e4 {[%clk 1:30:57]} e5 {[%clk 1:30:24]} 2. Nf3 {[%clk 1:31:19]} Nc6
{[%clk 1:30:47]} 3. Bb5 {[%clk 1:31:42]} a6 {[%clk 1:31:12]} 4. Ba4
{[%clk 1:32:05]} Nf6 {[%clk 1:31:23]} 5. d3 {[%clk 1:32:29]} b5 {[%clk 1:31:41]}
6. Bb3 {[%clk 1:32:54]} Bc5 {[%clk 1:32:07]} 7. c3 {[%clk 1:32:17]} d6
{[%clk 1:26:12]} 8. Bg5 {[%clk 1:30:33]} h6 {[%clk 1:25:01]} 9. Bh4
{[%clk 1:30:40]} g5 {[%clk 1:14:22]} 10. Bg3 {[%clk 1:30:50]} O-O
{[%clk 1:14:36]} 11. h4 {[%clk 1:10:29]} g4 {[%clk 1:13:26]} 12. Nh2
{[%clk 1:10:05]} h5 {[%clk 1:07:24]} 13. Nd2 {[%clk 1:00:49]} Ne7
{[%clk 1:01:35]} 14. f4 {[%clk 0:51:48]} Ng6 {[%clk 0:53:05]} 15. f5
{[%clk 0:49:11]} Nf4 {[%clk 0:51:08]} 16. Bxf4 {[%clk 0:42:00]} exf4
{[%clk 0:51:26]} 17. d4 {[%clk 0:42:15]} Bb6 {[%clk 0:51:19]} 18. O-O
{[%clk 0:31:58]} c5 {[%clk 0:50:56]} 19. Rxf4 {[%clk 0:24:13]} cxd4
{[%clk 0:51:08]} 20. Kh1 {[%clk 0:19:21]} dxc3 {[%clk 0:51:34]} 21. Ndf1
{[%clk 0:15:29]} Bb7 {[%clk 0:19:46]} 22. Ng3 {[%clk 0:08:36]} cxb2
{[%clk 0:19:57]} 23. Rb1 {[%clk 0:08:50]} Re8 {[%clk 0:18:03]} 24. Nxh5
{[%clk 0:07:48]} Kf8 {[%clk 0:15:36]} 25. Bxf7 {[%clk 0:01:36]} Kxf7
{[%clk 0:05:42]} 26. Nxg4 {[%clk 0:02:00]} Rxe4 {[%clk 0:05:55]} 27. Nh6+
{[%clk 0:00:55]} Kf8 {[%clk 0:06:19]} 28. Qb3 {[%clk 0:00:36]} Bd5
{[%clk 0:04:28]} 29. Qxb2 {[%clk 0:00:44]} Bd4 {[%clk 0:04:22]} 30. Qb4
{[%clk 0:00:35]} Nxh5 {[%clk 0:03:33]} 31. Rxe4 {[%clk 0:00:48]} Bxe4
{[%clk 0:03:50]} 32. Qxd4 {[%clk 0:00:33]} Ng3+ {[%clk 0:04:15]} 0-1

[Event "High League 2022 women"]
[Site "Obninsk"]
[Date "2022.06.27"]
[Round "2.12"]
[White "Pogorelskikh, Sofia"]
[Black "Semenova, Elena"]
[Result "1-0"]
[LiveChessVersion "1.4.7"]
[BlackElo "2296"]
[WhiteElo "2138"]

1. e4 {[%clk 1:30:56]} e5 {[%clk 1:30:51]} 2. Nf3 {[%clk 1:31:20]} Nc6
{[%clk 1:31:07]} 3. Bb5 {[%clk 1:31:38]} a6 {[%clk 1:31:29]} 4. Ba4
{[%clk 1:32:00]} Nf6 {[%clk 1:31:53]} 5. O-O {[%clk 1:32:15]} Be7
{[%clk 1:32:13]} 6. Re1 {[%clk 1:32:21]} b5 {[%clk 1:32:02]} 7. Bb3
{[%clk 1:32:44]} O-O {[%clk 1:32:24]} 8. a4 {[%clk 1:32:18]} b4 {[%clk 1:32:02]}
9. d4 {[%clk 1:31:32]} d6 {[%clk 1:22:20]} 10. dxe5 {[%clk 1:20:49]} Nxe5
{[%clk 1:18:16]} 11. Nxe5 {[%clk 1:05:01]} dxe5 {[%clk 1:18:41]} 12. Nd2
{[%clk 0:57:59]} Bc5 {[%clk 1:12:29]} 13. Qe2 {[%clk 0:55:19]} Bg4
{[%clk 0:52:52]} 14. Nf3 {[%clk 0:51:51]} Qe7 {[%clk 0:47:08]} 15. Be3
{[%clk 0:38:54]} h6 {[%clk 0:36:04]} 16. a5 {[%clk 0:32:21]} Rad8
{[%clk 0:33:12]} 17. Bc4 {[%clk 0:27:37]} Bd4 {[%clk 0:23:14]} 18. Bxd4
{[%clk 0:22:18]} Rxd4 {[%clk 0:23:16]} 19. Bxa6 {[%clk 0:21:27]} Rxe4
{[%clk 0:19:23]} 20. Qd3 {[%clk 0:21:37]} Rxe1+ {[%clk 0:12:45]} 21. Nxe1
{[%clk 0:19:43]} Rd8 {[%clk 0:11:33]} 22. Qg3 {[%clk 0:17:20]} c5
{[%clk 0:08:58]} 23. Bc4 {[%clk 0:15:21]} Ra8 {[%clk 0:07:07]} 24. Nd3
{[%clk 0:14:26]} e4 {[%clk 0:05:18]} 25. Qe5 {[%clk 0:13:55]} Qa7
{[%clk 0:03:20]} 26. Nf4 {[%clk 0:09:46]} Re8 {[%clk 0:03:28]} 27. Qd6
{[%clk 0:10:01]} e3 {[%clk 0:01:11]} 28. fxe3 {[%clk 0:10:08]} Rxe3
{[%clk 0:00:49]} 29. Ng6 {[%clk 0:05:45]} Re8 {[%clk 0:00:40]} 30. Ne5
{[%clk 0:05:16]} Be6 {[%clk 0:00:39]} 31. Bb5 {[%clk 0:04:07]} c4+
{[%clk 0:00:37]} 32. Qb6 {[%clk 0:02:30]} Qxb6+ {[%clk 0:01:06]} 33. axb6
{[%clk 0:02:54]} Rb8 {[%clk 0:01:36]} 34. Nxc4 {[%clk 0:02:31]} Bxc4
{[%clk 0:00:34]} 35. Bxc4 {[%clk 0:02:55]} Rxb6 {[%clk 0:00:59]} 36. Ra8+
{[%clk 0:03:19]} Kh7 {[%clk 0:01:25]} 37. Bxf7 {[%clk 0:03:40]} Rc6
{[%clk 0:00:33]} 38. Bb3 {[%clk 0:03:26]} Ng4 {[%clk 0:00:31]} 39. Bd5
{[%clk 0:01:23]} Rd6 {[%clk 0:00:34]} 40. Be4+ {[%clk 0:31:27]} g6
{[%clk 0:31:02]} 41. Ra7+ {[%clk 0:30:54]} Kg8 {[%clk 0:30:58]} 42. Ra1
{[%clk 0:22:54]} Kg7 {[%clk 0:24:35]} 43. h3 {[%clk 0:21:33]} Ne5
{[%clk 0:21:14]} 44. b3 {[%clk 0:18:38]} Rd4 {[%clk 0:20:47]} 45. Re1
{[%clk 0:18:57]} Rd2 {[%clk 0:16:48]} 46. Kf1 {[%clk 0:18:14]} Kf6
{[%clk 0:13:58]} 47. Re2 {[%clk 0:18:02]} Rd7 {[%clk 0:13:19]} 48. Kf2
{[%clk 0:17:51]} Nf7 {[%clk 0:04:35]} 49. Ke3 {[%clk 0:17:32]} Nd6
{[%clk 0:01:50]} 50. Rf2+ {[%clk 0:17:17]} Ke5 {[%clk 0:00:31]} 51. Bxg6 Rg7 52.
Bd3 {[%clk 0:15:44]} Rg3+ {[%clk 0:01:30]} 53. Kd2 {[%clk 0:10:25]} Ne4+
{[%clk 0:01:25]} 54. Bxe4 {[%clk 0:10:48]} Kxe4 {[%clk 0:01:54]} 55. Re2+
{[%clk 0:11:08]} Kd4 {[%clk 0:02:09]} 56. Ke1 {[%clk 0:10:33]} h5
{[%clk 0:02:04]} 57. Rd2+ {[%clk 0:10:04]} Ke4 {[%clk 0:02:04]} 58. Kf2
{[%clk 0:06:58]} Rc3 {[%clk 0:01:54]} 59. h4 {[%clk 0:06:25]} Ke5
{[%clk 0:00:51]} 60. g3 {[%clk 0:06:05]} Ke4 {[%clk 0:01:09]} 61. Re2+
{[%clk 0:05:36]} Kf5 {[%clk 0:00:35]} 62. Kg2 {[%clk 0:05:35]} Rc8
{[%clk 0:00:40]} 63. Kh3 {[%clk 0:05:33]} Rc7 {[%clk 0:00:33]} 64. Rf2+
{[%clk 0:05:37]} Kg6 {[%clk 0:00:31]} 65. Rf4 {[%clk 0:05:02]} Rxc2
{[%clk 0:00:42]} 66. Rxb4 {[%clk 0:05:22]} Kf5 {[%clk 0:00:48]} 67. Rb5+
{[%clk 0:05:36]} Kg6 {[%clk 0:01:14]} 68. b4 {[%clk 0:05:38]} Rb2
{[%clk 0:01:22]} 69. Rg5+ {[%clk 0:05:46]} Kh6 {[%clk 0:01:51]} 70. Rb5
{[%clk 0:02:02]} Kg6 {[%clk 0:02:02]} 71. Rg5+ {[%clk 0:01:02]} Kh6
{[%clk 0:02:31]} 72. b5 {[%clk 0:01:25]} Ra2 {[%clk 0:01:58]} 73. g4
{[%clk 0:00:48]} Ra3+ {[%clk 0:01:58]} 74. Kg2 {[%clk 0:01:07]} hxg4
{[%clk 0:01:58]} 75. Rxg4 {[%clk 0:01:32]} Rb3 {[%clk 0:00:52]} 76. Rg5
{[%clk 0:01:53]} Ra3 77. Rg3 {[%clk 0:00:41]} Ra2+ {[%clk 0:00:34]} 78. Kh3
{[%clk 0:00:46]} Rb2 {[%clk 0:00:52]} 79. Rg5 {[%clk 0:01:06]} Rb3+
{[%clk 0:00:51]} 80. Kg4 {[%clk 0:01:22]} Rb4+ {[%clk 0:01:13]} 81. Kg3
{[%clk 0:01:42]} Rb3+ {[%clk 0:01:11]} 82. Kg2 {[%clk 0:01:10]} Rb4
{[%clk 0:01:29]} 83. Kg3 {[%clk 0:00:36]} Rb3+ {[%clk 0:01:56]} 84. Kf2
{[%clk 0:00:58]} Rb4 {[%clk 0:01:59]} 85. Rd5 {[%clk 0:00:33]} Rxh4
{[%clk 0:02:14]} 86. Ke3 {[%clk 0:00:42]} Kg6 {[%clk 0:02:07]} 87. Kd3
{[%clk 0:00:49]} Kf6 {[%clk 0:02:20]} 88. Rd4 {[%clk 0:00:47]} Rh1
{[%clk 0:02:05]} 89. Re4 {[%clk 0:00:37]} Rc1 {[%clk 0:01:14]} 90. Kd4
{[%clk 0:00:57]} Kf5 {[%clk 0:00:53]} 91. Re8 {[%clk 0:01:12]} Kf6
{[%clk 0:01:10]} 92. Kd5 {[%clk 0:01:30]} Kf7 {[%clk 0:01:35]} 93. Re2
{[%clk 0:01:46]} 1-0

[Event "High League 2022 women"]
[Site "Obninsk"]
[Date "2022.06.27"]
[Round "2.13"]
[White "Paramzina, Anastasya"]
[Black "Satanovskaia, Evgeniia"]
[Result "0-1"]
[LiveChessVersion "1.4.7"]
[BlackElo "1837"]
[WhiteElo "2256"]

1. e4 {[%clk 1:27:29]} e6 2. d3 {[%clk 1:27:53]} d5 {[%clk 1:30:43]} 3. Nd2
{[%clk 1:28:19]} Nf6 {[%clk 1:28:08]} 4. Ngf3 {[%clk 1:27:56]} c5
{[%clk 1:28:33]} 5. g3 {[%clk 1:28:05]} g6 {[%clk 1:27:52]} 6. Bg2
{[%clk 1:28:19]} Bg7 {[%clk 1:27:21]} 7. O-O {[%clk 1:28:34]} O-O
{[%clk 1:27:42]} 8. Re1 {[%clk 1:28:48]} Nc6 {[%clk 1:27:01]} 9. c3
{[%clk 1:24:32]} a5 {[%clk 1:22:57]} 10. a4 {[%clk 1:23:54]} b6 {[%clk 1:19:26]}
11. e5 {[%clk 1:23:12]} Nd7 {[%clk 1:17:12]} 12. d4 {[%clk 1:23:00]} cxd4
{[%clk 1:15:43]} 13. cxd4 {[%clk 1:23:24]} f6 {[%clk 1:14:23]} 14. Bh3
{[%clk 1:16:53]} Ndb8 {[%clk 1:00:40]} 15. Nb3 {[%clk 1:02:58]} fxe5
{[%clk 0:58:38]} 16. dxe5 {[%clk 1:02:50]} Qe7 {[%clk 0:55:11]} 17. Bg5
{[%clk 0:22:56]} Qf7 {[%clk 0:49:06]} 18. Bf6 {[%clk 0:23:08]} Bxf6
{[%clk 0:48:17]} 19. exf6 {[%clk 0:23:27]} Qxf6 {[%clk 0:48:30]} 20. Re3
{[%clk 0:23:43]} Na6 {[%clk 0:31:42]} 21. Rc1 {[%clk 0:22:40]} Nab4
{[%clk 0:29:44]} 22. Nbd4 {[%clk 0:20:05]} Nxd4 {[%clk 0:27:19]} 23. Qxd4
{[%clk 0:20:29]} e5 {[%clk 0:27:22]} 24. Rxe5 {[%clk 0:14:30]} Bxh3
{[%clk 0:26:06]} 25. Ng5 {[%clk 0:14:57]} Nd3 {[%clk 0:19:06]} 26. Qxd5+
{[%clk 0:09:27]} Kh8 {[%clk 0:19:02]} 27. f4 {[%clk 0:09:52]} Nxe5
{[%clk 0:18:20]} 28. Rc7 {[%clk 0:06:57]} Nf3+ {[%clk 0:15:24]} 29. Qxf3
{[%clk 0:07:06]} Qxg5 {[%clk 0:14:48]} 30. Qb7 {[%clk 0:06:27]} Qh5
{[%clk 0:14:59]} 31. Kf2 {[%clk 0:05:35]} Rae8 {[%clk 0:15:06]} 32. Qa6
{[%clk 0:06:01]} Qd5 {[%clk 0:15:00]} 0-1

[Event "High League 2022 women"]
[Site "Obninsk"]
[Date "2022.06.27"]
[Round "2.14"]
[White "Afonasieva, Anna"]
[Black "Karmanova, Olga Dm."]
[Result "0-1"]
[LiveChessVersion "1.4.7"]
[BlackElo "2157"]
[WhiteElo "2232"]

1. d4 {[%clk 1:30:57]} Nf6 {[%clk 1:30:54]} 2. Bf4 {[%clk 1:31:22]} e6 3. e3
{[%clk 1:31:40]} d5 {[%clk 1:31:42]} 4. Nd2 {[%clk 1:31:32]} Bd6 {[%clk 1:32:06]}
5. Bg3 {[%clk 1:31:57]} O-O {[%clk 1:32:25]} 6. Ngf3 {[%clk 1:32:21]} c5
{[%clk 1:32:26]} 7. c3 {[%clk 1:32:45]} b6 {[%clk 1:32:28]} 8. Bd3
{[%clk 1:32:23]} Ba6 {[%clk 1:30:48]} 9. Bxa6 {[%clk 1:32:46]} Nxa6
{[%clk 1:31:13]} 10. Qe2 {[%clk 1:33:11]} Nb8 {[%clk 1:23:27]} 11. Rd1
{[%clk 1:32:31]} cxd4 {[%clk 1:17:12]} 12. exd4 {[%clk 1:32:47]} Nc6
{[%clk 1:16:50]} 13. Ne5 {[%clk 1:32:53]} Ne7 {[%clk 1:15:32]} 14. f4
{[%clk 1:31:50]} Nf5 {[%clk 1:13:07]} 15. Bf2 {[%clk 1:31:55]} Bc7
{[%clk 1:11:26]} 16. O-O {[%clk 1:30:28]} Qe8 {[%clk 1:08:37]} 17. Rde1
{[%clk 1:25:19]} Nd6 {[%clk 1:07:21]} 18. g4 {[%clk 1:02:55]} Nfe4
{[%clk 1:04:44]} 19. f5 {[%clk 0:58:53]} f6 {[%clk 0:58:52]} 20. Nd3
{[%clk 0:57:25]} exf5 {[%clk 0:54:01]} 21. gxf5 {[%clk 0:57:07]} Qd7
{[%clk 0:53:52]} 22. Nxe4 {[%clk 0:54:18]} dxe4 {[%clk 0:51:24]} 23. Nb4
{[%clk 0:52:40]} Qxf5 {[%clk 0:48:25]} 24. Bg3 {[%clk 0:52:51]} Qd7
{[%clk 0:46:31]} 25. Nd5 {[%clk 0:49:51]} f5 {[%clk 0:39:51]} 26. c4
{[%clk 0:47:41]} Ne8 {[%clk 0:33:52]} 27. Nxc7 {[%clk 0:45:12]} Nxc7
{[%clk 0:34:18]} 28. d5 {[%clk 0:44:59]} Na6 {[%clk 0:33:57]} 29. Be5
{[%clk 0:42:13]} Nc5 {[%clk 0:34:06]} 30. Bc3 {[%clk 0:39:25]} Rae8
{[%clk 0:31:58]} 31. Kh1 {[%clk 0:37:33]} f4 {[%clk 0:28:15]} 32. Rg1
{[%clk 0:32:33]} Re7 {[%clk 0:26:00]} 33. Ref1 {[%clk 0:29:36]} e3
{[%clk 0:19:46]} 34. Rg2 {[%clk 0:19:08]} a5 {[%clk 0:15:14]} 35. Qf3
{[%clk 0:14:34]} Nd3 {[%clk 0:13:40]} 36. Bd4 {[%clk 0:13:05]} Ne5
{[%clk 0:10:14]} 37. Bxe5 {[%clk 0:12:20]} Rxe5 {[%clk 0:10:39]} 38. b3
{[%clk 0:12:08]} Qf5 {[%clk 0:08:16]} 39. d6 {[%clk 0:05:46]} Qe4
{[%clk 0:05:21]} 40. Re2 {[%clk 0:35:15]} Qxf3+ {[%clk 0:34:48]} 41. Rxf3
{[%clk 0:35:40]} Re6 {[%clk 0:34:37]} 42. d7 {[%clk 0:35:18]} Rd6
{[%clk 0:32:49]} 43. Kg2 {[%clk 0:35:41]} Rxd7 {[%clk 0:33:05]} 44. Rf1
{[%clk 0:36:04]} g5 {[%clk 0:31:18]} 45. Kf3 {[%clk 0:36:20]} h5 {[%clk 0:30:11]}
46. h3 {[%clk 0:36:40]} Rg7 {[%clk 0:30:36]} 47. Ke4 {[%clk 0:35:12]} g4
{[%clk 0:30:08]} 48. hxg4 {[%clk 0:34:26]} hxg4 {[%clk 0:30:34]} 49. Rg1
{[%clk 0:34:45]} f3 {[%clk 0:30:29]} 50. Rxe3 {[%clk 0:35:10]} Re7+
{[%clk 0:30:53]} 0-1

[Event "High League 2022 women"]
[Site "Obninsk"]
[Date "2022.06.27"]
[Round "2.15"]
[White "Garifullina, Leya"]
[Black "Dorokhina, Elizaveta"]
[Result "1-0"]
[LiveChessVersion "1.4.7"]
[BlackElo "2045"]
[WhiteElo "2398"]

1. d4 {[%clk 1:22:09]} e6 {[%clk 1:29:53]} 2. c4 {[%clk 1:22:07]} Nf6
{[%clk 1:29:14]} 3. g3 {[%clk 1:22:10]} Bb4+ {[%clk 1:28:44]} 4. Nd2
{[%clk 1:22:10]} d5 {[%clk 1:23:23]} 5. Bg2 {[%clk 1:22:11]} O-O {[%clk 1:23:04]}
6. Ngf3 {[%clk 1:22:24]} Nbd7 {[%clk 1:16:16]} 7. O-O {[%clk 1:20:26]} Re8
{[%clk 1:11:35]} 8. Qc2 {[%clk 1:18:42]} b6 {[%clk 1:03:30]} 9. Ne5
{[%clk 1:15:02]} Bb7 {[%clk 1:03:41]} 10. Ndf3 {[%clk 1:13:54]} Bd6
{[%clk 1:00:26]} 11. Bf4 {[%clk 1:11:19]} Qe7 {[%clk 0:56:30]} 12. Rac1
{[%clk 1:06:52]} c5 {[%clk 0:54:44]} 13. Ng5 {[%clk 1:02:35]} cxd4
{[%clk 0:36:52]} 14. Ngxf7 {[%clk 1:01:34]} Nxe5 {[%clk 0:34:51]} 15. Nxe5
{[%clk 0:59:42]} Nh5 {[%clk 0:30:53]} 16. cxd5 {[%clk 0:54:21]} exd5
{[%clk 0:29:51]} 17. Nc6 {[%clk 0:53:50]} Bxc6 {[%clk 0:29:24]} 18. Bxd6
{[%clk 0:52:46]} Qxd6 {[%clk 0:26:29]} 19. Qxc6 {[%clk 0:53:11]} Qxc6
{[%clk 0:26:43]} 20. Rxc6 {[%clk 0:53:38]} Rxe2 {[%clk 0:25:11]} 21. Bxd5+
{[%clk 0:53:40]} Kf8 {[%clk 0:25:36]} 22. Bf3 {[%clk 0:52:31]} Re5
{[%clk 0:25:51]} 23. Rd6 {[%clk 0:52:18]} Rc8 {[%clk 0:24:22]} 24. Rd1
{[%clk 0:49:04]} Ke7 {[%clk 0:18:23]} 25. R6xd4 {[%clk 0:48:17]} Nf6
{[%clk 0:18:45]} 26. R1d2 {[%clk 0:46:30]} Re1+ {[%clk 0:14:46]} 27. Kg2
{[%clk 0:46:55]} Rcc1 {[%clk 0:11:40]} 28. Be2 {[%clk 0:43:07]} g5
{[%clk 0:09:30]} 29. h4 {[%clk 0:41:03]} h6 {[%clk 0:08:35]} 30. hxg5
{[%clk 0:40:29]} hxg5 {[%clk 0:09:00]} 31. Bg4 {[%clk 0:38:38]} a5
{[%clk 0:03:35]} 32. Bf5 {[%clk 0:36:49]} Rc5 {[%clk 0:02:17]} 33. g4
{[%clk 0:36:55]} Ne8 {[%clk 0:00:58]} 34. Rd7+ {[%clk 0:36:52]} Kf6
{[%clk 0:01:23]} 35. Rb7 {[%clk 0:36:11]} b5 {[%clk 0:01:16]} 36. Rdd7
{[%clk 0:36:10]} Rcc1 {[%clk 0:00:35]} 37. Rb6+ {[%clk 0:36:25]} Ke5
{[%clk 0:00:49]} 38. Re6+ {[%clk 0:36:49]} 1-0

[Event "High League 2022 women"]
[Site "Obninsk"]
[Date "2022.06.27"]
[Round "2.16"]
[White "Faizutdinova, Diana"]
[Black "Bodnaruk, Anastasia"]
[Result "0-1"]
[LiveChessVersion "1.4.7"]
[BlackElo "2390"]
[WhiteElo "2023"]

1. e4 {[%clk 1:30:57]} c5 {[%clk 1:30:08]} 2. Nc3 {[%clk 1:31:21]} Nc6
{[%clk 1:27:51]} 3. g3 {[%clk 1:31:40]} g6 {[%clk 1:27:18]} 4. d3
{[%clk 1:31:51]} Bg7 {[%clk 1:27:13]} 5. Be3 {[%clk 1:32:10]} d6 {[%clk 1:27:11]}
6. Qd2 {[%clk 1:32:26]} Rb8 {[%clk 1:22:20]} 7. Bg2 {[%clk 1:32:29]} b5
{[%clk 1:21:35]} 8. Nge2 {[%clk 1:31:37]} Nd4 {[%clk 1:15:54]} 9. h3
{[%clk 1:23:19]} b4 {[%clk 1:14:56]} 10. Nd1 {[%clk 1:23:15]} e5 {[%clk 1:09:06]}
11. f4 {[%clk 1:18:06]} Ne7 {[%clk 1:06:53]} 12. fxe5 {[%clk 0:52:10]} dxe5
{[%clk 1:04:53]} 13. O-O {[%clk 0:49:55]} O-O {[%clk 1:02:50]} 14. Kh2
{[%clk 0:47:28]} Qd6 {[%clk 0:43:54]} 15. b3 {[%clk 0:30:32]} f5 {[%clk 0:42:37]}
16. Nxd4 {[%clk 0:27:24]} cxd4 {[%clk 0:41:45]} 17. Bh6 {[%clk 0:25:44]} f4
{[%clk 0:36:55]} 18. Bxg7 {[%clk 0:25:15]} Kxg7 {[%clk 0:37:21]} 19. Nb2
{[%clk 0:25:04]} g5 {[%clk 0:34:14]} 20. Nc4 {[%clk 0:25:04]} Qe6
{[%clk 0:26:37]} 21. a3 {[%clk 0:24:55]} Ng6 {[%clk 0:17:54]} 22. g4
{[%clk 0:22:42]} h5 {[%clk 0:14:54]} 23. gxh5 {[%clk 0:19:39]} Nh4
{[%clk 0:15:06]} 24. axb4 {[%clk 0:19:56]} a6 {[%clk 0:14:13]} 25. c3
{[%clk 0:17:31]} Kh6 {[%clk 0:10:01]} 26. Rg1 {[%clk 0:09:16]} Nf3+
{[%clk 0:08:58]} 0-1